Iran and the Caucasus.

محفوظ في:

التنسيق: دورية

اللغة: Undetermined

الموضوعات:

الوصول للمادة أونلاين: Login to view Source

الوسوم: إضافة وسم

لا توجد وسوم, كن أول من يضع وسما على هذه التسجيلة!

رقم الطلب:

LEADER 00528nms a2200181Ia 4500
005 20240402052757.0
008 240131s9999||||xx |||||||||||||||||und||
999 |c 56404  |d 56404 
022 |a 1573-384X 
022 |a 1609-8498 
245 0 0 |a Iran and the Caucasus. 
336 |2 rdacontent  |a text  |b txt 
337 |2 rdamedia  |a unmediated  |b n 
338 |2 rdacarrier  |a volume  |b n 
500 |a 2023 increase # pages increase # issues. 
650 4 |a Asian history. 
856 |z IC  |u https://brill.com/view/journals/ic/ic-overview.xml 
942 |2 lcc  |c EJL